Cultivo de la endibia para exportar
Bewaard in:
| Hoofdauteurs: | , |
|---|---|
| Formaat: | Boek |
| Taal: | Spaans |
| Gepubliceerd in: |
Santiago
CORFO
1980
|
| Onderwerpen: | |
| Tags: |
Voeg label toe
Geen labels, Wees de eerste die dit record labelt!
|
MARC
| LEADER | 00000nam a2200000 a 4500 | ||
|---|---|---|---|
| 001 | UCV7384 | ||
| 003 | CL-VaPUC | ||
| 008 | 911008e19800000CL |||||||||||||||||spa|d | ||
| 082 | 0 | 4 | |a 635.54 |b CAT |2 21 |
| 100 | 0 | |a Cathalifaud, Alejo Cristian |e author |9 301488 | |
| 700 | 0 | |a Havaux D., Baudouin |e author |9 301489 | |
| 245 | 1 | 0 | |a Cultivo de la endibia para exportar |
| 300 | |a 120 p | ||
| 942 | |c BK | ||
| 945 | |d 19911008 00:00:00 | ||
| 260 | |a Santiago |b CORFO |c 1980 | ||
| 650 | 7 | |a ENDIBIA |2 CL-VaPUC |9 264725 | |
| 583 | |a last modification |c 19911008 00:00:00 |k Rodrigo Vera | ||
| 999 | |c 213071 |d 213069 | ||